| 000 | 00752 a2200241 4500 | ||
|---|---|---|---|
| 005 | 20251127130649.0 | ||
| 008 | 251127b |||||||| |||| 00| 0 eng d | ||
| 020 | _a9781398619326 (pbk) | ||
| 037 | _cTB | ||
| 040 |
_aCRL _cCRL |
||
| 041 |
_2eng _aeng |
||
| 084 |
_aX:9 R5 _qCRL |
||
| 100 |
_aCookson, Gary _9821375 |
||
| 245 | _aMaking hybrid working work | ||
| 260 |
_aNew York, USA: _bKogan Page, _c2025. |
||
| 300 | _axxiv, 267p. | ||
| 365 |
_b32.99 _cUKP |
||
| 650 |
_aPersonal Management _9853204 |
||
| 650 |
_aEconomics _9853205 |
||
| 650 |
_aTelecommuting _9853206 |
||
| 942 |
_cTB _2CC _n0 _hX:9 R5 |
||
| 999 |
_c1435468 _d1435468 |
||